| 000 | 00635nam a22002177a 4500 | ||
|---|---|---|---|
| 999 |
_c16748 _d16748 |
||
| 003 | OSt | ||
| 005 | 20180322125524.0 | ||
| 008 | 180322b xxu||||| |||| 00| 0 eng d | ||
| 020 | _a9780071318471 | ||
| 040 | _cKABU | ||
| 050 |
_aHD 62.7 _b.B97 2013 C.1 |
||
| 100 | _aByrd, Jane Mary | ||
| 245 |
_aSmall business management: _ban entrepreneur's guidebook _cMary Jane byrd and Leon C. Megginson |
||
| 250 | _a7th ed. | ||
| 260 |
_aNew York _bMcGraw-Hill _c2013 |
||
| 300 | _axx, 524p. | ||
| 650 |
_aSmall business _vManagement |
||
| 650 |
_aSmall business _vCase studies |
||
| 700 | _aMegginson, C. Leon | ||
| 942 |
_2lcc _cBK |
||